Giáo trình lý thuyết truyền tin (Dùng trong các trường THCN)

Gồm 5 chương giói thiệu nhập môn lý thuyết truyền tin, thông tin và lượng tin, mã hiệu, mã hóa, điều chế tín hiệu.

Uloženo v:
Podrobná bibliografie
Hlavní autor: Trần, Thị Ngân
Médium: Kniha
Jazyk:Undetermined
Vydáno: Hà Nội Nhà xuất bản Hà Nội 2007
Témata:
Tagy: Přidat tag
Žádné tagy, Buďte první, kdo otaguje tento záznam!
Thư viện lưu trữ: Trung tâm Học liệu Trường Đại học Cần Thơ
LEADER 00843nam a2200217Ia 4500
001 CTU_142021
008 210402s9999 xx 000 0 und d
020 |c 18000 
082 |a 621.382 
082 |b Ng121 
100 |a Trần, Thị Ngân 
245 0 |a Giáo trình lý thuyết truyền tin 
245 0 |b (Dùng trong các trường THCN) 
245 0 |c Trần Thị Ngân 
260 |a Hà Nội 
260 |b Nhà xuất bản Hà Nội 
260 |c 2007 
520 |a Gồm 5 chương giói thiệu nhập môn lý thuyết truyền tin, thông tin và lượng tin, mã hiệu, mã hóa, điều chế tín hiệu. 
650 |a Communication in engineering,Kỹ thuật truyền tin 
904 |i Nguyên 
980 |a Trung tâm Học liệu Trường Đại học Cần Thơ